Ekonomické zhodnotenie pestovania technických plodín na JRD "SNP" Brezová pod Bradlom záverečná práca postgraduálneho štúdia

Guardado en:
Detalles Bibliográficos
Autor principal: Kvoček, Milan
Autor Corporativo: Vysoká škola ekonomická v Bratislave
Otros Autores: Hutník, Felix
Formato: Libro
Lenguaje:eslovaco
Publicado: Bratislava 1987
Etiquetas: Agregar Etiqueta
Sin Etiquetas, Sea el primero en etiquetar este registro!

MARC

LEADER 00000nam a2200000 4500
001 c038859
005 20221219094433.0
041 0 |a slo 
044 |a SK 
245 1 0 |a Ekonomické zhodnotenie pestovania technických plodín na JRD "SNP" Brezová pod Bradlom  |b záverečná práca postgraduálneho štúdia  |c Milan Kvoček ; Ved. práce Felix Hutník 
264 1 |a Bratislava  |c 1987 
300 |a 63 s. 
100 1 |a Kvoček, Milan 
700 1 |a Hutník, Felix 
710 2 |a Vysoká škola ekonomická v Bratislave